Repertorio de legislación de familia: textos legales anotados-concordados y jurisprudencia

Gespeichert in:
Bibliographische Detailangaben
1. Verfasser: Riquelme Fuentealba, Lesliet Karina (VerfasserIn)
Format: Buch
Sprache:Spanisch
Veröffentlicht: Santiago SocoLibros 2007
Ausgabe:3a. ed
Schlagworte:
Tags: Tag hinzufügen
Keine Tags, Fügen Sie den ersten Tag hinzu!

MARC

LEADER 00000nam a2200000 a 4500
001 UCI9294
003 CL-VaPUC
008 081106e20070000CL |||||||||||||||||spa|d
020 |a 9789567538171 
082 0 4 |a 346.83015  |b RIQ  |2 21 
100 0 |a Riquelme Fuentealba, Lesliet Karina  |e author  |9 532929 
245 1 0 |a Repertorio de legislación de familia: textos legales anotados-concordados y jurisprudencia 
250 |a 3a. ed 
300 |a 516 p 
942 |c BK 
945 |d 20081106 00:00:00  |a rbrito 
260 |a Santiago  |b SocoLibros  |c 2007 
650 0 |a Derecho de familia  |9 255603 
650 7 |a TRIBUNALES DE FAMILIA  |2 CL-VaPUC  |9 532930 
650 0 |a Matrimonio civil  |9 385406 
650 0 |a Adopción de menores   |9 402960 
650 0 |a Pensiones alimenticias  |9 371913 
650 0 |a Jurisprudencia  |9 255952 
650 0 |a Violencia intrafamiliar  |9 312986 
583 |a last modification  |c 20081106 00:00:00  |k Rodrigo Vera 
999 |c 331856  |d 331854 
952 |0 0  |1 0  |4 0  |6 346_830150000000000_RIQ_2007  |7 0  |8 A  |9 419029  |a BIBDER  |b BIBDER  |d 2019-11-22  |i 449489K  |o 346.83015 RIQ 2007  |p 449489K  |r 2023-01-25  |w 2019-11-22  |y BK  |k DER